Sports Quiz

Random Sports or Hockey Quiz

NHL Point-Per-Game Seasons Since Lockout Quiz Stats

Quiz Updated Jun 1, 2018

Challenge
Share
Tweet
Embed
Score 0/189 Timer 09:00
1 Play Today
Year Player % Correct
2009-10Sidney Crosby
97.9%
2008-09Sidney Crosby
97.9%
2007-08Sidney Crosby
97.9%
2006-07Sidney Crosby
97.9%
2005-06Sidney Crosby
97.9%
2017-18Sidney Crosby
97.3%
2016-17Sidney Crosby
96.6%
2015-16Sidney Crosby
96.3%
2013-14Sidney Crosby
96.1%
2014-15Sidney Crosby
96.1%
2017-18Alex Ovechkin
94.3%
2009-10Alex Ovechkin
94.3%
2008-09Alex Ovechkin
94.3%
2007-08Alex Ovechkin
94.3%
2006-07Alex Ovechkin
94.3%
2005-06Alex Ovechkin
94.3%
2010-11Alex Ovechkin
93.9%
2013-14Alex Ovechkin
89.2%
2014-15Alex Ovechkin
89.2%
2017-18Evgeni Malkin
85.1%
2011-12Evgeni Malkin
85%
2009-10Evgeni Malkin
84.8%
2008-09Evgeni Malkin
84.8%
2007-08Evgeni Malkin
84.8%
2006-07Evgeni Malkin
84.8%
2015-16Patrick Kane
84.6%
2016-17Patrick Kane
83%
2016-17Evgeni Malkin
82.1%
2009-10Henrik Sedin
81.9%
2009-10Daniel Sedin
81.9%
2008-09Daniel Sedin
81.9%
2006-07Daniel Sedin
81.9%
2008-09Henrik Sedin
81.9%
2016-17Connor McDavid
81.7%
2013-14Evgeni Malkin
81.7%
2014-15Evgeni Malkin
81.7%
2015-16Evgeni Malkin
81.6%
2010-11Daniel Sedin
81.5%
2010-11Henrik Sedin
81.5%
2017-18Connor McDavid
80.2%
2017-18Steven Stamkos
78.2%
2009-10Martin St. Louis
77.6%
2007-08Martin St. Louis
77.6%
2006-07Martin St. Louis
77.6%
2010-11Martin St. Louis
77.3%
2009-10Patrick Kane
76.7%
2010-11Patrick Kane
76.3%
2009-10Joe Thornton
75.3%
2008-09Joe Thornton
75.3%
2007-08Joe Thornton
75.3%
2006-07Joe Thornton
75.3%
2005-06Joe Thornton
75.3%
2011-12Steven Stamkos
75.2%
2009-10Steven Stamkos
75.2%
2010-11Steven Stamkos
74.8%
2015-16Connor McDavid
70.7%
2015-16Joe Thornton
70.3%
2008-09Jarome Iginla
69.2%
2007-08Jarome Iginla
69.2%
2006-07Jarome Iginla
69.2%
2007-08Henrik Zetterberg
69%
2005-06Henrik Zetterberg
69%
2014-15Jamie Benn
69%
Year Player % Correct
2010-11Jarome Iginla
68.9%
2015-16Jamie Benn
68.8%
2010-11Henrik Zetterberg
68.6%
2008-09Pavel Datsyuk
68.5%
2007-08Pavel Datsyuk
68.5%
2006-07Pavel Datsyuk
68.5%
2005-06Pavel Datsyuk
68.5%
2013-14Tyler Seguin
65.6%
2014-15Tyler Seguin
65.6%
2010-11Corey Perry
65.5%
2009-10Brad Richards
65.1%
2005-06Brad Richards
65.1%
2008-09Mike Richards
65.1%
2007-08Mike Richards
65.1%
2010-11Brad Richards
64.8%
2015-16Tyler Seguin
64.5%
2013-14Corey Perry
64.1%
2006-07Jaromir Jagr
63.8%
2005-06Jaromir Jagr
63.8%
2016-17Nicklas Backstrom
63.6%
2013-14Ryan Getzlaf
63.5%
2007-08Vincent Lecavalier
62.9%
2006-07Vincent Lecavalier
62.9%
2011-12Claude Giroux
62.7%
2009-10Dany Heatley
62.6%
2007-08Dany Heatley
62.6%
2006-07Dany Heatley
62.6%
2005-06Dany Heatley
62.6%
2009-10Ilya Kovalchuk
62.4%
2008-09Ilya Kovalchuk
62.4%
2007-08Ilya Kovalchuk
62.3%
2005-06Ilya Kovalchuk
62.3%
2015-16Erik Karlsson
62.2%
2009-10Eric Staal
62.2%
2007-08Eric Staal
62.2%
2005-06Eric Staal
62.2%
2017-18Phil Kessel
61.8%
2008-09Ryan Getzlaf
59.9%
2007-08Ryan Getzlaf
60%
2013-14Claude Giroux
59.8%
2010-11Ryan Getzlaf
59.6%
2011-12Ilya Kovalchuk
59.5%
2017-18Anze Kopitar
59.2%
2014-15John Tavares
59.1%
2009-10Patrick Marleau
59.1%
2006-07Patrick Marleau
59.1%
2005-06Patrick Marleau
59.1%
2008-09Rick Nash
58.8%
2011-12Phil Kessel
58.4%
2017-18Brad Marchand
58.4%
2006-07Marian Hossa
58.4%
2005-06Marian Hossa
58.4%
2017-18Nikita Kucherov
58%
2016-17Nikita Kucherov
57.6%
2006-07Teemu Selanne
57.4%
2005-06Teemu Selanne
57.4%
2016-17Brad Marchand
57.3%
2017-18John Tavares
57.3%
2017-18Taylor Hall
57.3%
2017-18Claude Giroux
57.3%
2010-11Teemu Selanne
57.1%
2009-10Daniel Alfredsson
56.7%
2007-08Daniel Alfredsson
56.7%
Year Player % Correct
2006-07Daniel Alfredsson
56.7%
2009-10Marian Gaborik
56.7%
2007-08Marian Gaborik
56.7%
2009-10Nicklas Backstrom
56.4%
2008-09Nicklas Backstrom
56.4%
2011-12Jason Spezza
56.2%
2005-06Daniel Alfredsson
56.2%
2006-07Joe Sakic
54%
2005-06Joe Sakic
54%
2007-08Jason Spezza
53%
2006-07Jason Spezza
53%
2005-06Jason Spezza
53%
2008-09Jeff Carter
52.7%
2009-10Alexander Semin
50.9%
2008-09Alexander Semin
50.9%
2017-18Nathan MacKinnon
50.4%
2009-10Zach Parise
49.4%
2008-09Zach Parise
49.4%
2013-14Taylor Hall
47%
2005-06Peter Forsberg
46%
2005-06Nicklas Lidstrom
45.7%
2007-08Mats Sundin
45.1%
2006-07Mats Sundin
45.1%
2005-06Mats Sundin
45.1%
2006-07Danny Briere
44.6%
2017-18Evgeny Kuznetsov
43.1%
2008-09Patrik Elias
41.9%
2008-09Marc Savard
40.9%
2007-08Marc Savard
40.9%
2006-07Marc Savard
40.9%
2005-06Marc Savard
40.9%
2014-15Jakub Voracek
39.9%
2009-10Mike Green
39.8%
2008-09Mike Green
39.8%
2011-12James Neal
39.4%
2006-07Thomas Vanek
37.8%
2017-18Blake Wheeler
37.4%
2005-06Scott Gomez
36.8%
2017-18Jakub Voracek
35.9%
2005-06Paul Kariya
35.6%
2007-08Alex Kovalev
32.4%
2017-18Johnny Gaudreau
31.7%
2005-06Brian Gionta
31.4%
2005-06Jonathan Cheechoo
31.4%
2006-07Olli Jokinen
28.3%
2005-06Olli Jokinen
28.3%
2017-18Artemi Panarin
28.2%
2016-17Mark Scheifele
26.9%
2005-06Simon Gagne
26.6%
2007-08Derek Roy
25%
2007-08Paul Stastny
22.9%
2006-07Alex Tanguay
22.7%
2005-06Alex Tanguay
22.7%
2006-07Ray Whitney
20.9%
2008-09Michael Cammalleri
20.5%
2017-18Mathew Barzal
20.2%
2007-08Mike Ribeiro
19.6%
2006-07Rod Brind'Amour
19.3%
2017-18Mikko Rantanen
11.1%
2005-06Andy McDonald
10.6%
2006-07Michael Nylander
9.2%
2005-06Cory Stillman
8.1%
2006-07Andrew Brunette
8.1%

You're not logged in!

Compare scores with friends on all Sporcle quizzes.
Join for Free
OR
Log In

You Might Also Like...

Show Comments

Extras

Top Quizzes Today


Score Distribution

Your Account Isn't Verified!

In order to create a playlist on Sporcle, you need to verify the email address you used during registration. Go to your Sporcle Settings to finish the process.

Report this User

Report this user for behavior that violates our Community Guidelines.

Details: